Który kraj pasuje do opisu? - Statystyki

Ogólne statystyki
  • Ten quiz został rozwiązany 25 razy
  • Średni wynik to 4 z 7
Statystyki odpowiedzi
Zagadnienie Odpowiedź % Poprawnych
Kraj, który wygrał mistrzostwa świata piłki nożnej. Urugwaj
78%
Kraj, który ma podobną nazwę do stolicy. Algieria
74%
Kraj, który ma dwie stolice. Boliwia
70%
Kraj, który jest najbardziej wysunięty na południe. Chile
52%
Kraj, przez który przechodzi południk 0. Ghana
43%
Kraj, przez który przechodzi równik. Gabon
35%
Kraj, który jest największy ze swojego kontynentu. Ukraina
26%
Nie znaleziono quizów pasujących do podanych kryteriów
Rozkład punktacji
Procent ludzi z każdym wynikiem
Percentyl według liczby udzielonych odpowiedzi
Twoja historia wyników
Nie rozwiązałeś tego quizu